[Event "Rohde op 12th"]
[Site "Sautron"]
[Date "2012.10.29"]
[Round "4"]
[White "Oleksienko, Mikhailo"]
[Black "Gleizerov, Evgeny"]
[Result "1-0"]
[WhiteElo "2539"]
[BlackElo "2564"]
[Annotator "Primel,D"]
[PlyCount "133"]
[EventDate "2012.10.27"]
[EventType "swiss"]
[EventRounds "9"]
[EventCountry "FRA"]
[SourceTitle "EXT 2014"]
[Source "ChessBase"]
[SourceDate "2013.11.20"]
[SourceVersion "1"]
[SourceVersionDate "2013.11.20"]
[SourceQuality "1"]
[TimeControl "40/5400+30:1800+30"]
[WhiteClock "1:30:00"]
[BlackClock "1:30:00"]

1. e4 {[%emt 0:00:00]} e6 {[%emt 0:00:00]} 2. d4 {[%emt 0:00:00]} d5 {[%emt 0:
00:00]} 3. Nd2 {[%emt 0:00:00]} Nf6 {[%emt 0:00:00]} 4. e5 {[%emt 0:00:00]}
Nfd7 {[%emt 0:00:03]} 5. Bd3 {[%emt 0:00:10]} c5 {[%emt 0:00:05]} 6. c3 {
[%emt 0:00:02]} Nc6 {[%emt 0:00:07]} 7. Ne2 {[%emt 0:00:07]} cxd4 {[%emt 0:00:
06]} 8. cxd4 {[%emt 0:00:02]} f6 {[%emt 0:00:08]} 9. exf6 {[%emt 0:00:05]} Qxf6
{[%emt 0:00:15]} 10. Nf3 {[%emt 0:00:36]} h6 {[%emt 0:00:07]} 11. O-O {[%emt 0:
00:45]} Bd6 {[%emt 0:00:04]} 12. Ng3 {[%emt 0:00:24]} O-O {[%emt 0:00:07]} 13.
Bc2 {[%emt 0:00:28]} Rf7 {[%emt 0:00:06]} (13... Rd8 {La grande ligne} 14. Re1
Nf8 15. Ne5 Bd7 (15... Qh4 16. f4) 16. f4 $14 {Vokarev,S (2485)-Gleizerov,E 
(2545) RUS-Cup Krasnodar 1998 (8) 1-0}) 14. Nh5 {[%emt 0:00:16]} Qd8 {[%emt 0:
00:08]} ({RR} 14... Qe7 15. Re1 Nf8 16. Ng3) 15. Bg6 {[%emt 0:00:12]} Re7 {
[%emt 0:00:05]} (15... Rf8 16. Re1 Nf6 17. Ne5 (17. Nf4 $5) 17... Qc7 $132 {
Burnoiu,N (2435)-Badev,K (2314) Bucharest U20 2008 (4) 0-1}) 16. Bf4 $1 {
[%emt 0:00:13][%csl Rc8]} Nf8 {[%emt 0:00:07][%cal Gf8g6,Gf8e6]} 17. Bc2 {
[%emt 0:00:09]} ({RR} 17. Bd3 Bxf4 18. Nxf4 Qd6 19. Qd2 Rf7 20. Ne2 Bd7 21. Qe3
Be8 22. Ne5) 17... Rf7 {[%emt 0:00:09]} 18. Bg3 $5 {[%emt 0:00:37] Les deux
adversaires ont blitzé l'ouverture et ils avaient а ce moment 05 minutes de
plus qu'au début de la partie} (18. Qd2 Bxf4 19. Nxf4 Qd6 20. Ne2 Bd7 21. Qe3
Be8 22. Rad1 Nb4 23. Bb1 Bb5 24. Rfe1 Bxe2 25. Rxe2 Rc7) (18. Bxd6 Qxd6 {
la partie va donner une position quasi similaire mais avec la Qe7 au lieu de
la case "d6" qui est peu plus active} 19. Re1 Bd7 20. Ne5 Nxe5 21. Rxe5 Rc8 22.
Qd2 Be8 $11 {Petenyi,T (2347)-Smolen,J (2377) SVK-chT2A 1112 2011 (6.1) 1/2})
18... g6 {[%emt 0:19:08] La position reste théorique mais les Noirs se sont
lancés dans une longue réflexion.} 19. Bh4 {[%emt 0:01:10]} Be7 {[%emt 0:06:07]
} (19... g5 $6 20. Bg3 $16) 20. Bxe7 {[%emt 0:00:12]} Qxe7 {[%emt 0:00:06]} 21.
Ng3 {[%emt 0:00:05]} Bd7 $146 {[%emt 0:03:56]} ({RR} 21... e5 22. Nxe5 ({RR} 
22. Bb3 e4 23. Ne5 Nxe5 24. dxe5 Be6 25. Bxd5 Rd8 26. Bxe6 Rxd1 27. Bxf7+ Kxf7
28. Raxd1) 22... Nxe5 23. dxe5 Qxe5 24. Bb3 Be6 25. Qd2 Qf4 26. Qd3 Qf6 27.
Rae1 a5 28. f4 a4 29. Bc2 Qxb2 ({RR} 29... Rc8) ({RR} 29... Ra6) 30. f5 gxf5
31. Nxf5 Bxf5 32. Rxf5 Rxf5 33. Qxf5 Qd4+ 34. Kh1 Rd8 ({RR} 34... Qg7) 35. Re7
Qa1+ ({RR} 35... b5 36. Qf7+ Kh8 37. h3 Qb2 38. Qf4) ({RR} 35... Qb2 36. Qf1
Rc8 37. h3) 36. Bb1 {Timofeev,A (2577)-Zaja,I (2417)/Istanbul 2003/CBM 096/
[Mueller,Karsten]/1-0 (40)} {RR} Qb2 37. h4 Qd4 38. g3) 22. Qd2 {[%emt 0:09:18]
Fin de la préparation des Blancs!} Kg7 {[%emt 0:13:13]} 23. Qe3 {[%emt 0:03:41]
} (23. Rae1) 23... Qf6 {[%emt 0:11:17]} 24. Ne2 {[%emt 0:01:58]} Be8 {[%emt 0:
04:47][%csl Re8] Les Noirs n'ont pas résolu le problème du mauvais B et la
poussée g6 empêche de le recycler en h5 mais la position Noire est solide} 25.
Rac1 {[%emt 0:07:53]} a6 {[%emt 0:05:46]} 26. Bb1 $14 {[%emt 0:07:49][%csl Rg6]
[%cal Ge3d3,Gf3h4]} Nd7 {[%emt 0:05:38]} 27. Rfe1 {[%emt 0:02:53]} (27. Qd3)
27... g5 {[%emt 0:14:14][%csl Rh7]} 28. Ne5 $1 {[%emt 0:21:01] Transposant
dans une finale favorable} (28. Ng3 $5 {[%csl Rf6,Rg7][%cal Gg3h5]}) 28...
Ndxe5 {[%emt 0:01:48]} 29. dxe5 {[%emt 0:02:23]} Qxe5 {[%emt 0:05:19]} 30.
Qxe5+ {[%emt 0:00:42]} Nxe5 {[%emt 0:00:05]} 31. Ng3 {[%emt 0:00:11][%csl Re5,
Re6]} Ng4 {[%emt 0:00:52]} (31... Nc6 $142 32. Rxe6 Rf6 33. Nf5+ Kf7 34. Rd6
Rxd6 35. Nxd6+ Kf6 36. Nxb7 Rb8 37. Nd6 Bd7 38. b3 a5 {[%cal Ga5a4]} 39. Kf1 a4
) 32. Rxe6 $16 {[%emt 0:03:38]} Rf6 {[%emt 0:04:06]} 33. Re7+ {[%emt 0:10:10]}
Rf7 {[%emt 0:01:52]} 34. Re6 {[%emt 0:04:24]} (34. Rcc7 $142 Rxe7 35. Rxe7+ Kf6
36. Rxb7 Rc8 {[%csl Rg1]}) 34... Rf6 {[%emt 0:00:02]} 35. Nf5+ {[%emt 0:01:23]}
Kf8 {[%emt 0:00:40]} 36. Rxf6+ {[%emt 0:00:22]} Nxf6 {[%emt 0:00:02]} 37. Nxh6
$16 {[%emt 0:00:10][%csl Rd5,Rg5]} d4 {[%emt 0:00:41]} (37... Rd8) 38. Nf5 {
[%emt 0:01:07]} Rd8 {[%emt 0:00:08]} 39. Rd1 {[%emt 0:00:27]} Bg6 {[%emt 0:00:
15]} 40. Nxd4 $1 {[%emt 0:00:00]} Rxd4 {[%emt 0:00:00]} (40... Bxb1 41. Ne6+)
41. Rxd4 {[%emt 0:02:11]} Bxb1 {[%emt 0:00:21]} 42. a3 {[%emt 0:00:31]} g4 {
[%emt 0:04:03]} 43. Rf4 {[%emt 0:00:28]} Ke7 {[%emt 0:00:07]} 44. f3 {[%emt 0:
00:16][%csl Gg2,Gh2] Les Blancs ont des bonnes chances de gain avec la
majorité éloignée} gxf3 {[%emt 0:00:05]} 45. Rxf3 $36 {[%emt 0:00:02]} Be4 {
[%emt 0:00:09]} 46. Rf2 {[%emt 0:01:35]} (46. Re3) 46... Ke6 {[%emt 0:00:10]}
47. h3 {[%emt 0:00:03]} Ke5 {[%emt 0:00:09]} (47... Kf7 $143 48. Rf4 Kg6 49.
Kf2 Kg5 50. g3 $40 {[%cal Gh3h4]}) 48. Kh2 {[%emt 0:00:37]} (48. g4) 48... Nd5
$6 {[%emt 0:00:14]} (48... a5 $142 49. g4 b5 50. Kg3 b4 51. axb4 axb4 52. h4)
49. g4 {[%emt 0:00:42]} a5 {[%emt 0:01:43]} 50. Kg3 {[%emt 0:00:52]} b5 {
[%emt 0:00:05]} 51. h4 $40 {[%emt 0:00:09][%csl Gg4,Gh4] Le K Noir est coupé
et les pièces mineures sont assez passives} b4 {[%emt 0:00:05]} 52. axb4 {
[%emt 0:00:11]} axb4 {[%emt 0:00:06]} 53. h5 {[%emt 0:00:43]} b3 {[%emt 0:00:
35]} 54. g5 {[%emt 0:00:48]} Ne7 {[%emt 0:00:17]} 55. g6 {[%emt 0:07:01]
Prématuré} (55. Rf7) (55. Re2 $142 $1 {[%csl Re4,Re5][%cal Ge2e5,Gg5g6]} Kf5
56. g6 Nxg6 57. Rxe4) 55... Nxg6 {[%emt 0:01:17]} 56. hxg6 {[%emt 0:00:11]}
Bxg6 {[%emt 0:00:02]} 57. Rf3 {[%emt 0:01:03]} Bc2 {[%emt 0:00:08]} 58. Rc3 $1
{[%emt 0:00:08] Le K Noir est coupé de l'aile-dame} Kd4 {[%emt 0:00:30]} 59.
Kf2 {[%emt 0:01:19]} Bd1 {[%emt 0:01:33]} 60. Ke1 {[%emt 0:00:34]} Bc2 {
[%emt 0:00:07]} 61. Kd2 {[%emt 0:00:01]} Kd5 {[%emt 0:00:17]} 62. Ke3 {[%emt 0:
00:07]} Ke5 {[%emt 0:00:18]} 63. Rc5+ {[%emt 0:00:37]} Kd6 {[%emt 0:01:39]} 64.
Kd4 {[%emt 0:00:02]} Bd1 {[%emt 0:00:07]} 65. Kc4 {[%emt 0:00:11]} Bg4 {
[%emt 0:01:12]} (65... Bc2 66. Kb4 Bd1 67. Rc4 {[%cal Gc4d4]} Bc2) 66. Kb4 {
[%emt 0:00:09]} Be6 {[%emt 0:00:07]} 67. Rc3 {[%emt 0:00:03][%cal Gc3b3]} 1-0

[Event "ISR-ch"]
[Site "Ramat Aviv/Modiin"]
[Date "2000.12.23"]
[Round "7"]
[White "Roiz, Michael"]
[Black "Psakhis, Lev"]
[Result "1/2-1/2"]
[WhiteElo "2440"]
[BlackElo "2624"]
[Annotator "Psakhis,L"]
[PlyCount "51"]
[EventDate "2000.12.17"]
[EventType "tourn"]
[EventRounds "11"]
[EventCountry "ISR"]
[EventCategory "11"]
[SourceTitle "CBM 081"]
[Source "ChessBase"]
[SourceDate "2001.03.20"]
[SourceVersion "1"]
[SourceVersionDate "2001.03.20"]
[SourceQuality "1"]

1. e4 e6 2. d4 d5 3. Nd2 c5 4. Ngf3 Nf6 5. e5 Nfd7 6. c3 Nc6 7. Bd3 g6 8. O-O (
8. h4 Qb6 9. h5 g5 10. Nxg5 cxd4 11. cxd4 Nxd4 12. Ndf3 Nxf3+ 13. Nxf3 Nc5 14.
Bc2 Qb4+ 15. Kf1 Be7 16. Nd4 Bd7 17. a3 Qc4+ 18. Kg1 Ne4 {0-1 Blees,A-Shaked,T/
Wijk aan Zee-B 1998 (38)}) 8... Bg7 9. Re1 (9. Bb5 O-O 10. Re1 Qb6 11. Qa4 a6
12. Bxc6 bxc6 13. Nb3 c4 (13... cxd4 14. cxd4 c5 15. dxc5 Nxc5 16. Nxc5 Qxc5
17. Qh4 Rb8 18. b3) 14. Na5 c5 15. b3 cxd4 (15... Qb5 16. Qa3) 16. cxd4 Qb5 17.
Qa3 Nb6 (17... Re8 18. bxc4 dxc4 19. Nd2 Bf8 (19... Nb6) 20. Qf3 Qxa5 21. Qxa8
Qc3 (21... Bb4 22. Nxc4 Qc7 23. Bd2 (23. Nd6) 23... Nb6 24. h4) 22. Rb1) (17...
Rd8 18. bxc4 dxc4 19. Bd2 Bf8 20. Qc3) 18. Bg5 (18. Bd2 Re8 19. Rab1 Bf8) 18...
Re8 19. bxc4 Nxc4 20. Nxc4 dxc4 21. Bf6 Bb7 22. Bxg7 Kxg7 23. Rab1 Qd7 {
1/2-1/2 Smirin,I-Bareev,E/Moscow PCA 1994 (46)}) 9... O-O 10. h4 (10. Nf1 cxd4
11. cxd4 Qb6 (11... f6 12. exf6 Nxf6 13. Bb5 Ne7 14. Ng3 a6 15. Ba4 b5 16. Bb3
Nc6 17. h3 Ne8 18. Bg5 Qb6 19. Rc1 Bd7 20. Ne2 {1-0 Glek,I-Barsov,A/Utrecht op
1999 (20)}) 12. Bc2 f6 13. exf6 Nxf6 14. Ba4 (14. Rb1 Bd7 15. h3 Nb4 16. Bb3
Bb5 17. Ne5 Ne4 18. Be3 Nxf2 $1 19. Bxf2 Rxf2 20. Kxf2 Bxe5 21. Kg1 Bxd4+ 22.
Kh2 Nd3 23. Re2 Bg1+ $19 {0-1 Benjamin,J-Gurevich,M/Cap d'Agde playoffs 2000/
The Week in Chess 315 (50)}) 14... Ne4 15. Bxc6 bxc6 16. Ng3 e5 17. Be3 (17.
Nxe4 dxe4 18. Nxe5 (18. Rxe4 Bf5) 18... Bxe5 19. dxe5 Qxf2+ 20. Kh1 Be6 21. Bh6
Rfd8 22. Qc1 Bd5) 17... exd4 $1 (17... Nxg3 18. hxg3 exd4 19. Bxd4 Bxd4 20.
Qxd4 Qxd4 21. Nxd4 Bd7 22. Rac1 Rfe8 23. Red1 $14 {1-0 Svidler,P-Brynell,S/
Torshavn 1997 (56)}) 18. Bxd4 (18. Nxd4 Nxg3 19. hxg3 c5) 18... Bxd4 19. Qxd4
Ng5 20. Qc3 Rxf3 21. gxf3 Nh3+ 22. Kg2 Qxf2+ 23. Kh1 Nf4 24. Re8+ Kf7 25. Re7+
Kxe7) 10... cxd4 11. cxd4 f6 12. exf6 Qxf6 $1 $146 (12... Nxf6 13. Nb3 b6 14.
Ng5 Qd6 15. Qe2 h6 16. Nf3 Ng4 17. Bxg6 Nxd4 18. Nbxd4 Bxd4 19. Bxh6 Rxf3 20.
Qxf3 Qh2+ 21. Kf1 Ba6+ 22. Bd3 Ne5 23. Rxe5 Bxd3+ 24. Qxd3 Bxe5 {1-0 Pergel,
L-Kaukal,T/Zalakaros op 1995 (30)}) 13. Nb3 e5 14. dxe5 Ndxe5 15. Be2 d4 $5 (
15... Bg4 16. Bg5 $1 (16. Qxd5+ Kh8 17. Bg5 Bxf3 18. gxf3 Nxf3+ 19. Bxf3 Qxf3
20. Qxf3 Rxf3 $15) 16... Qd6 $13 (16... Qf7 17. Nxe5 Qxf2+ 18. Kh1 Bxe5 19.
Bxg4 Qg3 20. Qxd5+ Kh8 21. Rxe5 Nxe5 22. Qd6 $18) (16... Nxf3+ 17. gxf3 Qf7 18.
fxg4 Qxf2+ 19. Kh1 h6 (19... Be5 20. Qxd5+ Kg7 21. Qg2 $18) 20. Rf1 Qg3 21.
Qxd5+ Kh7 22. Bd2)) 16. Bg5 Qf7 17. Nbxd4 $5 Nxd4 18. Nxd4 Qxf2+ 19. Kh1 Nf7 (
19... h6 20. Rf1 Qg3 21. Rxf8+ Bxf8 (21... Kxf8 22. Qf1+ Kg8 23. Qf4) 22. Bf6
Bg7 23. Be7 (23. Qf1 Bd7)) (19... Bd7 20. Rf1 Qg3 21. Qb3+ Qxb3 22. axb3 Ng4
$15) 20. Bc4 $3 (20. Nf3 Nxg5 21. Rf1 Qg3 22. hxg5 Be6 $17) 20... Qxd4 (20...
h6 $5 21. Re2 (21. Rf1 Qxd4 22. Qxd4 Bxd4 23. Bxh6 Bg7 24. Bxg7 Kxg7 25. Rae1
Bd7 26. Re7 Be8 27. Rxb7 a5) 21... Qxd4 22. Qxd4 Bxd4 23. Bxh6 Bg7 24. Bxg7
Kxg7 25. Re7 Bf5 26. Rf1 {[%cal Gg2g4]}) 21. Qb3 Bf5 (21... b5 22. Bxf7+ (22.
Bd5 $5) 22... Rxf7 23. Re8+ Bf8 24. Rd1 {[%cal Gd1d8]}) (21... Be5 22. Rad1
Qxb2 23. Bxf7+ Rxf7 24. Rd8+ Kg7 25. Bh6+ (25. Qe3 $5) 25... Kxh6 26. Qxf7 Qb4
27. Qf8+ Qxf8 28. Rxf8) 22. Re7 Kh8 23. Rd1 Qc5 $11 (23... Qg4 $2 24. Be2 $1)
24. Rxf7 Rxf7 25. Bxf7 Be4 26. Bd5 1/2-1/2

[Event "Cappelle op 31st"]
[Site "Cappelle la Grande"]
[Date "2015.03.04"]
[Round "6"]
[White "Ulybin, Mikhail"]
[Black "Bluebaum, Matthias"]
[Result "1-0"]
[WhiteElo "2502"]
[BlackElo "2571"]
[Annotator "RR"]
[PlyCount "117"]
[EventDate "2015.02.28"]
[EventType "swiss"]
[EventRounds "9"]
[EventCountry "FRA"]
[SourceTitle "EXT 2016"]
[Source "ChessBase"]
[SourceDate "2015.10.08"]
[SourceVersion "1"]
[SourceVersionDate "2015.10.08"]
[SourceQuality "1"]

1. e4 e6 2. d4 d5 3. Nd2 Be7 4. Ngf3 Nf6 5. Bd3 c5 6. e5 Nfd7 7. c3 Nc6 8. O-O
g5 9. b4 (9. dxc5 Nxc5 (9... g4 10. Nd4 Ndxe5 (10... Ncxe5 11. Bb5)) 10. Bb5
Nd7 11. Re1 a6 12. Bxc6 bxc6 13. Nb3 c5 14. c4 Bb7 15. cxd5 Bxd5 16. Be3 g4 17.
Nfd2 c4 18. Nc1 h5 19. Bd4 Nc5 20. Nf1 Bc6 21. b3 Nd3 22. Nxd3 Qxd4 23. Rc1 c3
24. Qc2 Be4 25. Re3 Bg5 26. Qxc3 Bxe3 27. Nxe3 Qxd3 28. Qb4 a5 29. Qa3 Rd8 30.
Rc7 Qd1+ 31. Nf1 Qd7 32. Rxd7 Rxd7 33. Ne3 f5 34. exf6 Bg6 35. Qxa5 Kf7 36. h3
gxh3 37. g3 Be4 38. Kh2 Rc8 {Yudin,S (2546)-Nakamura,H (2775) Dubai 2014 1-0 
(111)}) 9... cxd4 10. cxd4 Nxb4 11. Be2 Nf8 12. Nb3 Ng6 13. Be3 Nc6 14. Qd2 h6
15. a3 $146 (15. h3 a5 16. a4 Bb4 17. Qd1 Nce7 18. g4 Bd7 19. Ne1 Nf4 20. Ng2
Neg6 21. Kh2 Qe7 22. Nc1 Nxg2 23. Kxg2 f5 24. exf6 Qxf6 25. Nd3 Bd6 26. Kg1 O-O
27. Qd2 Bc6 28. Rab1 Rae8 {0-1 (30) Daianu,C (2233)-Balog,I (2534) Mamaia 2013}
) 15... f5 16. exf6 Bxf6 17. Bb5 Qd6 18. Rfc1 $32 O-O 19. Bxc6 bxc6 20. Qc2 Ne7
21. h4 $1 gxh4 22. Bxh6 Rf7 23. Qd2 Ng6 24. Na5 (24. Nc5) 24... Bd7 25. Nb7 Qc7
26. Nc5 e5 27. dxe5 Nxe5 28. Ng5 $2 Re7 (28... Ng4 {[%csl Rh6][%cal Gc7h2]} 29.
Nf3 Bxa1 30. Rxa1 Re8 {Et les compensations des Blancs sont très légères})
29. Qf4 Bh8 30. Rab1 Qd6 31. Nxd7 Qxd7 32. Qxh4 Rae8 $13 {La position est
trés complexe. Les pièces Noires sont actives mais le K de l'allemand est à
découvert} 33. Nh3 Qg4 $1 {L'échange des Q va soulager la défense des Noirs}
34. Qg5+ Kf7 $132 35. Qxg4 Nxg4 36. Bf4 Bd4 37. Kf1 Rc8 38. Rc2 Kg6 $6 (38...
c5 $5 $11 {[%csl Gc5,Gd5]}) 39. Rd1 Bf6 40. Rxd5 $1 cxd5 41. Rxc8 Ne5 42. Rd8
Nd3 43. Bd2 d4 44. Rd6 $36 Kf7 45. g4 Rb7 46. Ng5+ (46. g5 Be5 47. Rc6) 46...
Kg7 47. Ne6+ Kf7 48. Nxd4 Ne5 49. g5 Be7 50. Ra6 Rd7 51. Bf4 Ng6 52. Be3 Bxg5
53. Bxg5 Rxd4 54. Rxa7+ Ke6 55. a4 Ne5 56. Ra6+ Kd5 57. Bf6 Rd1+ 58. Ke2 Ra1
59. Ra5+ 1-0

[Event "Bundesliga 1112"]
[Site "Germany"]
[Date "2011.11.19"]
[Round "4.1"]
[White "Efimenko, Zahar"]
[Black "Berg, Emanuel"]
[Result "1-0"]
[WhiteElo "2703"]
[BlackElo "2575"]
[Annotator "RR"]
[PlyCount "187"]
[EventDate "2011.10.14"]
[EventType "team-tourn"]
[EventRounds "15"]
[EventCountry "GER"]
[SourceTitle "CBM 146"]
[Source "ChessBase"]
[SourceDate "2012.01.18"]
[SourceVersion "1"]
[SourceVersionDate "2012.01.18"]
[SourceQuality "1"]
[WhiteTeam "Werder Bremen"]
[BlackTeam "Dortmund Hansa"]
[WhiteTeamCountry "GER"]
[BlackTeamCountry "GER"]

1. e4 e6 2. d4 d5 3. Nd2 Nf6 4. e5 Nfd7 5. Bd3 c5 6. c3 Nc6 7. Ne2 cxd4 8. cxd4
f6 9. exf6 Nxf6 10. Nf3 Bd6 11. O-O Qc7 12. Bd2 O-O 13. Rc1 Bd7 14. Ng3 Rae8
15. Re1 Qb6 16. Bc3 Bf4 17. Rc2 Nb4 18. Bxb4 Qxb4 19. Ne2 Bd6 20. Nc3 Re7 21.
Ne5 Kh8 22. Bf1 Be8 23. h3 Nd7 24. a3 Qb6 25. Na4 Qd8 26. Nxd7 Bxd7 27. Nc5
Bxc5 28. Rxc5 Ref7 29. Re2 b6 30. Rc3 Bb5 31. Rd2 Bxf1 32. Qxf1 h6 33. Qe1 Qh4
34. Re3 Rf4 35. Rxe6 Qg5 36. Qe3 Qf5 37. Re5 Qb1+ 38. Kh2 Qf1 39. Rxd5 Rxf2 40.
Rxf2 Qxf2 41. Qe5 Qf7 42. Rd6 Kg8 43. d5 Qc7 44. Re6 Qxe5+ 45. Rxe5 Rf2 46. d6
Rd2 47. Re7 Rxd6 48. Rxa7 Rd2 49. b4 b5 50. h4 Rd3 51. h5 Rd5 52. g4 Rd3 53.
Kg2 Kf8 54. Kf2 Rc3 55. Ra5 Ke7 56. Ke2 Rg3 57. Kf2 Rc3 58. Ke2 Rg3 59. Rxb5
Rxa3 60. Re5+ Kd6 61. Re3 Ra2+ 62. Kf3 Rb2 63. Re4 Kd5 64. Kf4 Rf2+ 65. Kg3 Rb2
66. Re7 Rxb4 67. Rxg7 Rb6 68. g5 Ke5 $2 (68... hxg5 $11) 69. g6 $18 Rb3+ 70.
Kg2 Rb2+ 71. Kf3 Rb3+ 72. Ke2 Rb2+ 73. Kd3 Rh2 74. Re7+ Kf6 75. Rf7+ Ke6 76.
Rf8 Rg2 77. Rh8 Kf6 78. Rxh6 Kg7 79. Rh7+ Kg8 80. Ke4 Rg5 81. Kf4 Ra5 82. Kg4
Ra4+ 83. Kg5 Ra5+ 84. Kh6 Ra8 85. Rg7+ Kh8 86. Re7 Kg8 87. Kg5 Ra5+ 88. Kf6
Ra6+ 89. Re6 Ra8 90. h6 Kh8 91. h7 Rb8 92. Kg5 Kg7 93. Re7+ Kh8 94. Kh6 1-0

[Event "Bundesliga 1112"]
[Site "Germany"]
[Date "2011.11.19"]
[Round "4.3"]
[White "Hansen, Sune Berg"]
[Black "Richter, Michael"]
[Result "1-0"]
[WhiteElo "2566"]
[BlackElo "2484"]
[Annotator "RR"]
[PlyCount "41"]
[EventDate "2011.10.14"]
[EventType "team-tourn"]
[EventRounds "15"]
[EventCountry "GER"]
[SourceTitle "CBM 146"]
[Source "ChessBase"]
[SourceDate "2012.01.18"]
[SourceVersion "1"]
[SourceVersionDate "2012.01.18"]
[SourceQuality "1"]
[WhiteTeam "Hamburger SK"]
[BlackTeam "Koenig Tegel"]
[WhiteTeamCountry "GER"]
[BlackTeamCountry "GER"]

1. e4 e6 2. d4 d5 3. Nd2 Nf6 4. e5 Nfd7 5. c3 c5 6. Bd3 Nc6 7. Ngf3 a5 8. O-O
Be7 9. a4 Qb6 10. dxc5 Bxc5 11. Qe2 f6 12. exf6 Nxf6 13. Bc2 O-O 14. Nb3 e5 $2
(14... Bd6 15. Be3 Qd8 $11) 15. Qb5 $18 Nd7 16. Nxc5 Qxc5 17. Bb3 Rxf3 $6 (
17... Qxb5 18. axb5 Ne7 $16) 18. gxf3 $18 Qf8 19. Qxd5+ Kh8 20. Qf7 Qxf7 21.
Bxf7 1-0

[Event "POL-chT 66th"]
[Site "Katowice"]
[Date "2010.09.08"]
[Round "5"]
[White "Warakomski, Tomasz"]
[Black "Matlak, Marek"]
[Result "1/2-1/2"]
[WhiteElo "2468"]
[BlackElo "2485"]
[Annotator "RR"]
[PlyCount "41"]
[EventDate "2010.09.04"]
[EventType "team-tourn"]
[EventRounds "9"]
[EventCountry "POL"]
[SourceTitle "EXT 2016"]
[Source "ChessBase"]
[SourceDate "2015.10.08"]
[SourceVersion "1"]
[SourceVersionDate "2015.10.08"]
[SourceQuality "1"]
[WhiteTeam "Wroclaw"]
[BlackTeam "Dankowice"]
[WhiteTeamCountry "POL"]
[BlackTeamCountry "POL"]

1. e4 e6 2. d4 d5 3. Nd2 Nf6 4. e5 Nfd7 5. c3 c5 6. Bd3 Nc6 7. Ne2 cxd4 8. cxd4
f6 9. exf6 Nxf6 10. Nf3 Bd6 11. O-O O-O 12. Bg5 Qb6 13. Nc3 Bd7 14. Rc1 Rae8 (
14... Be8 15. Re1 Bh5 16. Na4 Qc7 17. Rxe6 Bxh2+ 18. Kf1 Qf7 19. Nc5 Nxd4 20.
Re3 Nxf3 21. gxf3 Ng4 22. Re7 Qxf3 23. Qxf3 Rxf3 24. Bh4 b6 25. Kg2 Rf7 26.
Rxf7 Bxf7 27. Na6 Bf4 28. Rd1 g5 29. Bg3 Bxg3 30. Kxg3 Ne5 31. Bf5 Rd8 32. Nc7
Kg7 33. f4 gxf4+ 34. Kxf4 Ng6+ 35. Ke3 d4+ 36. Rxd4 Rxd4 37. Kxd4 Bxa2 38. b4
Kf6 39. Be4 h5 40. Nb5 a5 41. Nc3 Bb3 42. bxa5 bxa5 43. Ne2 h4 44. Bg2 {
Larino Nieto,D (2427)-Moreno Ruiz,J (2469) Mostoles 2008 1/2-1/2 (105)}) 15.
Bh4 Qxb2 16. Nb5 Bf4 17. Rb1 Qxa2 18. Ra1 {Forçant la nulle} Qb2 19. Rb1 Qa2
20. Ra1 Qb2 21. Rb1 1/2-1/2